| 000 | 00404nam a22001577a 4500 | ||
|---|---|---|---|
| 005 | 20240702102948.0 | ||
| 008 | 240702b |||||||| |||| 00| 0 eng d | ||
| 082 |
_a330 _bAFT-E |
||
| 100 | _a Aftab Ahmad Khan | ||
| 245 |
_aEconomics/ _c Aftab Ahmad Khan |
||
| 260 |
_aKarachi; _bThe Institute of Bankers; _c2005 |
||
| 300 |
_a768 p.: _c25.5 cm |
||
| 650 | _aEconomics | ||
| 999 |
_c36009 _d36009 |
||